| 000 | 00761nam a22002297a 4500 | ||
|---|---|---|---|
| 003 | UA-OsUOA | ||
| 001 | 18516 | ||
| 007 | ta | ||
| 008 | 20040209b un ||||| |||| 00| 0 ukr d | ||
| 090 | _bД-364 | ||
| 942 | _cBK | ||
| 040 |
_aUA-OsUOA _bukr _cUA-OsUOA _dUA-OsUOA |
||
| 245 |
_aДермансько-Мостівський регіональний ландшафтний парк : проблеми становлення _bМатерали науково-практичного семінару (22-23 березня 2001 року , м. Здолбунів) |
||
| 300 | _a136 с. | ||
| 955 | _a0 | ||
| 041 | _aukr | ||
| 020 | _a966-7587-00-2 | ||
| 591 | _a28.088л64 | ||
| 260 |
_aК. _bКарбон _c2001 |
||
| 044 | _aUA | ||
| 650 | 7 |
_aДермань _2UDC |
|
| 999 |
_c304687 _d304687 |
||